Módny trend: návrat k veľkým okuliarom po 11. ročníku medzinárodného veľtrhu očnej optiky a oftalmológie OPTA v Brne (25. až 27. februára 2005

Podrobná bibliografia
Hlavný autor: Zárecký, Ľudovít (Autor)
Médium: Článok
Jazyk:slovenčina
Fyzický popis:Fotogr.
ISSN:1335-4477
Predmet:

MARC

LEADER 00000nab a2200000 a 4500
001 vtls008156196
003 SK-MaSNL
005 20260304165816.0
008 160329c2005 xo wrzp 0 0slo
015 |a SNBRB2005/05  |2 snkbucl 
040 |a SNKBUCL  |b slo  |c SNKBUCL  |e AACR2 
041 0 |a slo 
044 |a xo  |c SK 
080 |a 617.7:061.4  |x (437.1/.2)  |2 1997 
080 |a 061.4:617.7  |x (437.1/.2)  |2 1997 
100 1 |a Zárecký, Ľudovít  |4 aut  |9 267836 
245 1 0 |a Módny trend: návrat k veľkým okuliarom  |b po 11. ročníku medzinárodného veľtrhu očnej optiky a oftalmológie OPTA v Brne (25. až 27. februára 2005  |c Ľudovít Zárecký 
300 |b Fotogr. 
611 2 7 |a OPTA  |n 11.  |d 2005  |c Brno, Česko  |2 SNK  |9 1496517 
648 7 |a 2005  |2 SNK  |9 305506 
650 0 7 |a oftalmológia  |2 SNKPH  |9 910 
650 0 7 |a veľtrhy  |2 SNKPH  |9 14535 
773 0 |t Zdravotnícke noviny  |g Roč. X, č. 10 (2005), s. 10  |x 1335-4477 
852 |a SNK  |b KIS3GCP 
958 |a MI 
958 |a CZ 
999 |c 2985608  |d 2987538